Selected issues of income taxation of financial instruments

Salvato in:
Dettagli Bibliografici
Autore principale: Kubicová, Jana, 1961-
Ente Autore: Ekonomická univerzita v Bratislave. Národohospodárska fakulta
Altri autori: Sergi, Bruno S., Holzerová, Judita
Natura: Libro
Lingua:inglese
Pubblicazione: Bratislava Publishing house EKONÓM 2016
Edizione:1st ed.
Soggetti:
Tags: Aggiungi Tag
Nessun Tag, puoi essere il primo ad aggiungerne!!

MARC

LEADER 00000nam a2200000 4500
001 0229034
005 20240502073756.5
020 |a 978-80-225-4311-8 
041 0 |a eng 
044 |a SK 
245 1 0 |a Selected issues of income taxation of financial instruments  |c Jana Kubicová ; reviewers: Bruno S. Sergi, Judita Holzerová 
250 |a 1st ed. 
264 1 |a Bratislava  |b Publishing house EKONÓM  |c 2016 
300 |a 69 s. [5,74 AH] 
610 2 0 |a dane z príjmov 
610 2 0 |a zdaňovanie 
610 2 0 |a zdaňovanie medzinárodné 
610 2 0 |a nástroje finančné 
610 2 0 |a zisk 
610 2 0 |a zisk kapitálový 
610 2 0 |a úrok 
610 2 0 |a Slovensko 
610 2 0 |a Európska únia 
100 1 |a Kubicová, Jana, 1961- 
700 1 |a Sergi, Bruno S. 
700 1 |a Holzerová, Judita 
710 2 |a Ekonomická univerzita v Bratislave. Národohospodárska fakulta